Pedagogía de la comunicación /
Guardat en:
| Autor principal: | |
|---|---|
| Format: | Desconegut |
| Idioma: | Spanish |
| Publicat: |
San José, Costa Rica :
Editorial Costa Rica
|
| Matèries: | |
| Etiquetes: |
Afegir etiqueta
Sense etiquetes, Sigues el primer a etiquetar aquest registre!
|
MARC
| LEADER | 00000 a2200000 04500 | ||
|---|---|---|---|
| 001 | 49196 | ||
| 003 | |||
| 008 | 050529s1976 cr spa d | ||
| 040 | |a CRAI/IIS |c CRAI/IIS | ||
| 100 | |a Gutiérrez, Francisco E. | ||
| 245 | |a Pedagogía de la comunicación / |c Francisco E. Gutiérrez | ||
| 260 | |a San José, Costa Rica : |b Editorial Costa Rica | ||
| 300 | |a 110 páginas | ||
| 500 | |a Colección ALFORJA | ||
| 650 | |a COMUNICACION | ||
| 650 | |2 Macrotesauro de la OCDE | ||
| 650 | |a SISTEMAS DE ENSEÑANZA | ||
| 650 | |2 Macrotesauro de la OCDE | ||
| 650 | |a EDUCACION | ||
| 650 | |2 Macrotesauro de la OCDE | ||
| 650 | |a LEGISLACION |2 Macrotesauro de la OCDE | ||
| 650 | |a CULTURA | ||
| 650 | |2 Macrotesauro de la OCDE | ||
| 650 | |a CIENCIAS DE LA EDUCACION | ||
| 650 | |2 Macrotesauro de la OCDE | ||
| 651 | |a Costa Rica | ||
| 999 | |c 4350 |d 4350 | ||
